Qualitative research methods (Record no. 15753)
[ view plain ]
| 000 -LEADER | |
|---|---|
| fixed length control field | 00870cam a22003135a 4500 |
| 001 - CONTROL NUMBER | |
| control field | 16094700 |
| 003 - CONTROL NUMBER IDENTIFIER | |
| control field | OSt |
| 005 - DATE AND TIME OF LATEST TRANSACTION | |
| control field | 20140310182751.0 |
| 008 - FIXED-LENGTH DATA ELEMENTS--GENERAL INFORMATION | |
| fixed length control field | 100217s2010 cau 000 0 eng |
| 010 ## - LIBRARY OF CONGRESS CONTROL NUMBER | |
| LC control number | 2010922884 |
| 020 ## - INTERNATIONAL STANDARD BOOK NUMBER | |
| International Standard Book Number | 9781412922258 |
| 020 ## - INTERNATIONAL STANDARD BOOK NUMBER | |
| International Standard Book Number | 9781412922265 |
| 040 ## - CATALOGING SOURCE | |
| Original cataloging agency | DLC |
| Transcribing agency | DLC |
| 042 ## - AUTHENTICATION CODE | |
| Authentication code | pcc |
| 050 ## - LIBRARY OF CONGRESS CALL NUMBER | |
| Classification number | LB 2394 |
| Item number | .H517 2011 |
| 082 ## - DEWEY DECIMAL CLASSIFICATION NUMBER | |
| Classification number | M 300.72 |
| Item number | H517 2011 |
| 100 1# - MAIN ENTRY--PERSONAL NAME | |
| Personal name | Hennink, Monique. |
| 245 10 - TITLE STATEMENT | |
| Title | Qualitative research methods |
| Statement of responsibility, etc | Hennink, Monique, Hutter, Inge, Bailey, Ajay |
| 260 ## - PUBLICATION, DISTRIBUTION, ETC. (IMPRINT) | |
| Place of publication, distribution, etc | Thousand Oaks, C.A. |
| Name of publisher, distributor, etc | SAGE Publications |
| Date of publication, distribution, etc | 2011 |
| 263 ## - PROJECTED PUBLICATION DATE | |
| Projected publication date | 1012 |
| 300 ## - PHYSICAL DESCRIPTION | |
| Extent | 303 p. |
| Dimensions | 23.1 cm. |
| 521 ## - TARGET AUDIENCE NOTE | |
| Target audience note | |
| 526 ## - STUDY PROGRAM INFORMATION NOTE | |
| Reading level | 1210L-1700L |
| 541 ## - IMMEDIATE SOURCE OF ACQUISITION NOTE | |
| -- | 1 |
| 562 ## - COPY AND VERSION IDENTIFICATION NOTE | |
| Number of copies | 1 |
| 906 ## - LOCAL DATA ELEMENT F, LDF (RLIN) | |
| a | 0 |
| b | ibc |
| c | orignew |
| d | 2 |
| e | epcn |
| f | 20 |
| g | y-gencatlg |
| 942 ## - ADDED ENTRY ELEMENTS (KOHA) | |
| Source of classification or shelving scheme | Library of Congress Classification |
| Koha item type | Books |
| Call number prefix | |
| Withdrawn status | Lost status | Source of classification or shelving scheme | Damaged status | Home library | Current library | Shelving location | Date acquired | Total Checkouts | Full call number | Barcode | Date last seen | Copy number | Price effective from | Koha item type |
|---|---|---|---|---|---|---|---|---|---|---|---|---|---|---|
| Library of Congress Classification | College Library | College Library | General Circulation Section | 11/07/2012 | LB 2394 .H517 2011 | c16458 | 05/15/2018 | 1 | 11/07/2012 | Books |